ARRUPE JESUIT UNIVERSITY

CORONAVIRUS -STOP THE SPREAD - CLEAN,DISINFECT,COVER

At the Junction : (Record no. 124791)

MARC details
000 -LEADER
fixed length control field 01189nam a2200325 a 4500
001 - CONTROL NUMBER
control field 3549130
003 - CONTROL NUMBER IDENTIFIER
control field ARRUPE
005 - DATE AND TIME OF LATEST TRANSACTION
control field 20160504121917.0
008 - FIXED-LENGTH DATA ELEMENTS--GENERAL INFORMATION
fixed length control field 960321s1995 sa a b 000 0 eng d
010 ## - LIBRARY OF CONGRESS CONTROL NUMBER
LC control number 97128036
020 ## - INTERNATIONAL STANDARD BOOK NUMBER
International Standard Book Number 1868142647
035 ## - SYSTEM CONTROL NUMBER
System control number (OCoLC)34428846
040 ## - CATALOGING SOURCE
Original cataloging agency ICU
Transcribing agency ICU
Modifying agency DLC
042 ## - AUTHENTICATION CODE
Authentication code lccopycat
043 ## - GEOGRAPHIC AREA CODE
Geographic area code f-sa---
050 00 - LIBRARY OF CONGRESS CALL NUMBER
Classification number PR9366.6
Item number .A8 1995
082 00 - DEWEY DECIMAL CLASSIFICATION NUMBER
Classification number 822
Edition number 21
300 ## - PHYSICAL DESCRIPTION
Other physical details ill. ;
Dimensions 22 cm.
100 ## - MAIN ENTRY--PERSONAL NAME
Personal name Martin Orkin (ed.)
9 (RLIN) 24335
245 00 - TITLE STATEMENT
Title At the Junction :
Remainder of title four plays by the Junction Avenue Theatre Company /
Statement of responsibility, etc edited and introduced by Martin Orkin.
260 ## - PUBLICATION, DISTRIBUTION, ETC. (IMPRINT)
Place of publication, distribution, etc Johannesburg :
Name of publisher, distributor, etc Witwatersrand University Press,
Date of publication, distribution, etc 1995.
300 ## - PHYSICAL DESCRIPTION
Extent 300 p.;
504 ## - BIBLIOGRAPHY, ETC. NOTE
Bibliography, etc Includes bibliographical references (p. 297-300).
505 0# - FORMATTED CONTENTS NOTE
Formatted contents note The fantastical history of a useless man -- Randlords and rotgut -- Sophiatown -- Tooth and nail.
650 #0 - SUBJECT ADDED ENTRY--TOPICAL TERM
Topical term or geographic name as entry element South African drama (English)
9 (RLIN) 24336
651 #0 - SUBJECT ADDED ENTRY--GEOGRAPHIC NAME
Geographic name South Africa
General subdivision Drama.
9 (RLIN) 24337
710 2# - ADDED ENTRY--CORPORATE NAME
Corporate name or jurisdiction name as entry element Junction Avenue Theatre Company.
9 (RLIN) 24339
906 ## - LOCAL DATA ELEMENT F, LDF (RLIN)
a 7
b cbc
c copycat
d 3
e ncip
f 19
g y-gencatlg
942 ## - ADDED ENTRY ELEMENTS (KOHA)
Source of classification or shelving scheme Library of Congress Classification
Koha item type Monograph ( Printed materials)
Holdings
Withdrawn status Lost status Source of classification or shelving scheme Damaged status Not for loan Collection code Home library Current library Shelving location Date acquired Total Checkouts Full call number Barcode Date last seen Price effective from Koha item type
    Library of Congress Classification     Main Collection ARRUPE LIBRARY ARRUPE LIBRARY Main Collection 03/05/2016   PR9366.6A8 1995 46600004278 03/05/2016 03/05/2016 Monograph ( Printed materials)

 

Arrupe Library. PO Box MP320 Mt Pleasant, Harare, Zimbabwe
263 242 745411|librarian@aju.ac.zw